00632nam a2200217 a 4500001001300000003000900013005001700022008004100039020002300080082001600103100001700119245003200136260003200168300000900200500003500209650000900244902000800253942000700261952012900268999001700397nice12345678IN_TiNIC20260116014043.0070413s2003 lona grp 000 0 eng  a0700712887 c25000a181.45bWHI aWhicher, Ian aYogab The Indian Trasition aLondonbCurzon Press c2003 a206p aincludes index and biblioraphy aYoga bSRS cBK 001040708StackRoom-aHMIbHMId2007-04-13g250.00l1o181.45 WHIp021702r2018-03-07s2018-01-11v250.00w2007-04-13yBK c13678d13678